| Tag |
First Indicator |
Second Indicator |
Subfields |
| LEADER |
00000cam a2200000 a 4500 |
| 001 |
in00001446913 |
| 005 |
20151020164259.0 |
| 008 |
980109s1998 ctua b 001 0 eng |
| 010 |
|
|
|a 98010661
|
| 020 |
|
|
|a 1567201865 (alk. paper)
|
| 035 |
|
|
|a (OCoLC)38216347
|
| 035 |
|
|
|9 AJC5491AM
|
| 040 |
|
|
|a DLC
|c DLC
|d C#P
|d TXA
|d UtOrBLW
|
| 043 |
|
|
|a n-us---
|
| 049 |
|
|
|a TXAM
|
| 050 |
0 |
0 |
|a HF5415.1
|b .S24 1998
|
| 082 |
0 |
0 |
|a 658.8/7/00973
|2 21
|
| 100 |
1 |
|
|a Samli, A. Coskun.
|
| 245 |
1 |
0 |
|a Strategic marketing for success in retailing /
|c A. Coskun Samli.
|
| 264 |
|
1 |
|a Westport, Conn. :
|b Quorum,
|c 1998.
|
| 300 |
|
|
|a xxiii, 387 pages :
|b illustrations ;
|c 25 cm.
|
| 336 |
|
|
|a text
|b txt
|2 rdacontent
|
| 337 |
|
|
|a unmediated
|b n
|2 rdamedia
|
| 338 |
|
|
|a volume
|b nc
|2 rdacarrier
|
| 504 |
|
|
|a Includes bibliographical references and index.
|
| 650 |
|
0 |
|a Marketing
|z United States.
|
| 650 |
|
0 |
|a Retail trade
|z United States.
|
| 948 |
|
|
|a C:BLW
|d 20031115
|
| 999 |
|
|
|a MARS
|
| 999 |
f |
f |
|s 291c29ab-6aca-35f1-b145-9437a5e6ebcc
|i 6d30f901-9abe-35db-b959-78f58a2caf22
|t 0
|
| 952 |
f |
f |
|p ric
|a Texas A&M University
|b Rellis Campus
|c Joint Library Facility
|d Remote Storage
|t 0
|e HF5415.1 .S24 1998
|h Library of Congress classification
|i unmediated -- volume
|m A14822302988
|
| 998 |
f |
f |
|a HF5415.1 .S24 1998
|t 0
|l Remote Storage
|